| 000 | 00340 a2200133 4500 | ||
|---|---|---|---|
| 001 | 152100 | ||
| 040 | _cEscola São Tomás de Aquino | ||
| 100 | _aMACHADO, Ana Maria | ||
| 240 | 1 | 0 |
_aO touro da língua de ouro _lpor |
| 245 | 1 | 0 | _aO touro da língua de ouro |
| 440 | 1 | _aÁtica | |
| 697 | _aFolclore / Adivinhações / Lendas | ||
| 942 | _cBK | ||
| 999 |
_c152100 _d152100 |
||